Lanean...

Indias economy:performance and challenges;essays in honour of Montek Singh Ahluwalia

Xehetasun bibliografikoak
Formatua: Printed Book
Hizkuntza:English
Argitaratua: Oxford university Press 2012
Gaiak:
LEADER 00680 a2200157 4500
008 131116b xxu||||| |||| 00| 0 eng d
020 |a 9780198074953 
082 |a 330.954 
245 |a Indias economy:performance and challenges;essays in honour of Montek Singh Ahluwalia 
260 |c 2012  |b Oxford university Press 
300 |a 465p.  |c 22cm. 
505 |a Growth,inequality,and reform--Macroeconomic and financial policies--sectoral perspectives--global perspectives 
650 |a Economy-India 
942 |2 ddc  |c BK 
999 |c 100110  |d 100110 
952 |0 0  |1 0  |4 0  |6 330_954000000000000_IND  |7 0  |9 99625  |a UL  |b UL  |c ST1  |d 2013-06-07  |e 146  |g 296.25  |l 7  |m 1  |o 330.954 IND  |p 88904  |r 2019-12-21  |s 2019-10-26  |v 395.00  |y BK